| 000 | 00475nam a2200169 a 4500 | ||
|---|---|---|---|
| 001 | 72 | ||
| 003 | CDMR | ||
| 005 | 20151016140002.0 | ||
| 008 | 130130s1988||||||||||||||||||||||||||||d | ||
| 040 |
_aCDMR _bcat _cCDMR |
||
| 100 | 1 |
_aMunsó Cabús, Joan _968 |
|
| 245 | 1 | 0 |
_a50 años en Radio Nacional de España _b: Escrito en el aire |
| 260 |
_aMadrid _c1988 _bRTVE |
||
| 650 | 0 | 4 |
_91720 _aRadiodifusió _zEspanya |
| 610 | 2 |
_93198 _aRadio Nacional de España _xHistòria |
|
| 942 |
_cMON _2ddc |
||
| 999 |
_c72 _d72 |
||